Komprimace vektorových geodat

Problém komprimácie vektorových geodát. Sú diskutované dve najbežnešie transformácie používané v komprimačných programoch - Fourierova transformácia a vlnková (wavelet) transformácia. Geografický informačný systém - vektorový dátový model a rastrový dátový model. Komprimácia. Vektorové geodáta vybr...

Descrizione completa

Salvato in:
Dettagli Bibliografici
Autore principale: Čapek, Jan
Natura: Capitolo di libro
Lingua:ceco
Soggetti:
Tags: Aggiungi Tag
Nessun Tag, puoi essere il primo ad aggiungerne!!

MARC

LEADER 00000naa$a2200000$$$4500
001 0026429
005 20231107070605.9
041 0 |a cze 
044 |a CZ 
245 1 0 |a Komprimace vektorových geodat  |c Jan Čapek 
520 |a Problém komprimácie vektorových geodát. Sú diskutované dve najbežnešie transformácie používané v komprimačných programoch - Fourierova transformácia a vlnková (wavelet) transformácia. Geografický informačný systém - vektorový dátový model a rastrový dátový model. Komprimácia. Vektorové geodáta vybrané ku komprimácii. 
610 2 0 |a systémy informačné geografické 
610 2 0 |a modely 
610 2 0 |a dáta 
610 2 0 |a transformácia 
100 1 |a Čapek, Jan